000
00290nam a22001337a 4500
008
210302b ||||| |||| 00| 0 eng d
020
_a
9780815141983
041
_a
eng
080
_2
3th
_a
615.83
100
_a
8
101
_a
EGZ
245
_a
Focus on Health
_c
Hahn,B.D
942
_2
udc
_c
BK
999
_c
55548
_d
55548